Vedic themes : (Record no. 124543)

MARC details
000 -LEADER
fixed length control field 00630nam a22002177a 4500
005 - DATE AND TIME OF LATEST TRANSACTION
control field 20170124105941.0
010 ## - LIBRARY OF CONGRESS CONTROL NUMBER
LC control number 910094
020 ## - INTERNATIONAL STANDARD BOOK NUMBER
Terms of availability 35.00
035 ## - SYSTEM CONTROL NUMBER
System control number 910094
037 ## - SOURCE OF ACQUISITION
Source of stock number/acquisition Cen Lib/Ret
040 ## - CATALOGING SOURCE
Original cataloging agency DPL
Language of cataloging EN
082 ## - DEWEY DECIMAL CLASSIFICATION NUMBER
Classification number 220.21
Item number BHA
100 ## - MAIN ENTRY--PERSONAL NAME
Personal name Bhat, G.K.
9 (RLIN) 11102
245 ## - TITLE STATEMENT
Title Vedic themes :
Statement of responsibility, etc by G.K.Bhat
Remainder of title articles n vedic topics /
260 ## - PUBLICATION, DISTRIBUTION, ETC. (IMPRINT)
Place of publication, distribution, etc Delhi
Name of publisher, distributor, etc Ajanta Publications
Date of publication, distribution, etc 1978
270 ## - ADDRESS
City Delhi
Address Ajanta Publications
Postal code 110007
300 ## - PHYSICAL DESCRIPTION
Extent 119p.
Dimensions 20cm(Hb)
650 ## - SUBJECT ADDED ENTRY--TOPICAL TERM
Topical term or geographic name as entry element Vedas.
9 (RLIN) 11103
650 ## - SUBJECT ADDED ENTRY--TOPICAL TERM
Topical term or geographic name as entry element Vedas -- Criticism, interpretation, etc.
9 (RLIN) 11104
942 ## - ADDED ENTRY ELEMENTS (KOHA)
Source of classification or shelving scheme Dewey Decimal Classification
Koha item type English Books
Classification part 220.21
Call number suffix BHA
Holdings
Withdrawn status Lost status Damaged status Not for loan Home library Current library Date acquired Source of acquisition Cost, normal purchase price Total Checkouts Full call number Barcode Date last seen Copy number Cost, replacement price Price effective from Koha item type
        Central Library Central Library 16/06/2015 Cen Lib/Ret 35.00   220.21 BHA 910094 16/06/2015 1 35.00 16/06/2015 English Books
        Central Library Central Library 18/06/2015 Cen Lib/Ret 35.00   220.21 BHA 910097 18/06/2015 1 35.00 18/06/2015 English Books

© Delhi Public Library
Hit Counter
free hit counter